LEADER 01376nam a2200289 4500 001 000000330833 003 CaOOAMICUS 005 20181023103758.0 008 181023s2015 xxu 000 u eng r 020 $a978-1-4982-0042-4 040 $aSeMil$bita 100 1 $aManoussakis, John Panteleimon.$0(OLS)http://semarc/name/108346 245 10$aFor the unity of all :$bcontributions to the theological dialogue between East and West / $cJohn Panteleimon Manoussakis ; foreword by His All-Holiness the Ecumenical Patriarch Bartholomew 1. 264 1$aEugene, Or. :$bCascade,$c2015. 300 $aXIX, 102 p. :$c23 cm 500 $aCon dedica al Card. A. Scola 541 $aFondo Card. Angelo Scola 650 4$aDialogo interreligioso.$0(OLS)http://semarc/subject/2257 650 4$aChiesa cattolica e Chiese Orientali.$0(OLS)http://semarc/subject/4348 650 4$aEcumenismo.$0(OLS)http://semarc/subject/3071 850 $aSeMil 852 $aSeMil$W1$xVenegono$y1$m2K III 379$j211161$B224780$CSeMilBibl$Z2$F224780 $81 941 1 $a6 996 $6020$a978-1-4982-0042-4$9(OLS)http://semarc/number/285437 996 $6245$aFor the unity of all :$bcontributions to the theological dialogue between East and West / $9(OLS)http://semarc/title/419413 996 $6264$aEugene, Or. :$bCascade$9(OLS)http://semarc/publisher/57930 LEADER 00902nam a2200217 i 4500 001 000000249335 003 CaOOAMICUS 005 20160512000000.0 008 160512s1853 it u000 u ita u 013 $a228240 040 $aSeMil$bita 245 10$aTomo 1. 250 $a2. Ed. 300 $aXV, 463 p., [1] c. di tav. :$bill. 500 $aLascito C.M. Martini. 773 0 $aRichard, Charles Louis <1711-1794>$tBiblioteca sacra, ovvero Dizionario universale delle scienze ecclesiastiche che comprende la storia della religione, della sua istituzione e de' suoi dogmi; la storia parimenti ....$dMilano : Pirotta e C. : [poi]... Ranieri Fanfani, 1830-1853.$g1$w()4447 850 $aSeMil 852 $aSeMil$W1$xVenegono$y1$m3D III 152 FA$j199681$B199681$CSeMilBibl$Z2$F211132 $8I 941 1 $a4 961 $aLascito: Martini Card. Carlo Maria 996 $6245$aTomo 1$9(OLS)http://semarc/title/46685